Hyeny

Titel: Hyeny / Jaroslav Pospíšil
Verfasser:
Ausgabe: 4. a dopl. vyd.
Veröffentlicht: [S.l.]œ : Naklad. Lípa Vizovice, 1998
Umfang: 463 S. : Ill.
Format: Buch
Sprache: Tschechisch
Schriftenreihe/
mehrbändiges Werk:
Otisky
Schlagworte:
ISBN: 8090217966
Buchumschlag
X
Lokale Klassifikation: 22 7 N ; 22 7 O
alg: 8255477
001A    $03004:16-09-99 
001B    $06055:18-03-26 $t18:41:03.000 
001C    $06002:02-03-06 $t14:53:57.000 
001D    $09999:99-99-99 
001U    $0utf8 
001X    $00 
002@    $0Aau 
003@    $0082554773 
003O    $041531739 $aOCoLC 
004A    $080-902179-6-6 
007A    $0082554773 $aHEB 
007T    $0Herd55729 
010@    $acze 
011@    $a1998 
013H    $0z 
021A    $aHyeny $hJaroslav Pospíšil 
028A    $D20231015 $Ecgwrk $71012521117 $8Pospíšil, Jaroslav$Z1941- [Tp1] $9266059244 
032@    $a4. a dopl. vyd. 
033A    $p{[S.l.] $nNaklad. Lípa Vizovice 
034D    $a463 S. 
034M    $aIll. 
036G    $aOtisky 
044K    $RPreußen $#Gestapo $#Deutsches Reich, Gestapo $#Geheime Staatspolizei $#Gestapo $#Berliner Politische Polizei $#Berlin, Politische Polizei $#Politische Polizei $#Deutsches Reich, Politische Polizei $#Deutsches Reich, Gestapa $#Geheimes Staatspolizeiamt $#Gestapa $D20251120 $Ecgmnf $72029665-4 $8Deutsches Reich$bGeheime Staatspolizei [Tb1] $9042822017 
044K    $RTschechien $RBöhmen $RTschechoslowakei $#Böhmen und Mähren Protektorat $#Reichsprotektorat Böhmen und Mähren $#Protektorát Čechy a Morava $D20251120 $Ecgmnf $74076390-0 $8Protektorat Böhmen und Mähren [Tg1] $9085216569 
045F    $a900.943709043 $eDDC23BSB 
045F/01 $a900 
045F/03 $f09043 
045F/03 $f09044 
045F/03 $f0904 
045F/03 $g437 
045F/03 $g4371 

lok: 8255477 24
101B    $004-12-02 $t12:05:33.245 
101C    $016-09-99 
145Z/01 $a22 7 N 
145Z/02 $a22 7 O 
101U    $0utf8 

exp: 8255477 24 1 #EPN
201B/01 $006-10-05 $t13:25:20.000 
201C/01 $016-09-99 
203@/01 $0136088597 
208@/01 $a16-09-99 $bz 
209A/01 $a99.1929 $du $f050 $h99 1929 $x00 
209C/01 $a99.1929 K $h99 1929 K 
209G/01 $a71143848 $x00 
247C/01 $8358050-7 Marburg, Bibliothek des Herder-Instituts Marburg $9102600961 
201U/01 $0utf8 

lok: 8255477 78

exp: 8255477 78 1 #EPN
201B/01 $012-06-18 $t22:54:24.000 
201U/01 $0utf8 
203@/01 $079169268X 
208@/01 $a12-11-16 $be 
209A/01 $a/ $f000 $x00 
220C/01 $aTitelaufnehmer: rk;mg 
237A/01 $a1. Aufl. Vizovice 1996. - weiterführende Signatur(en):  99.1929 
244Z/01 $#Tschechien $#Tschechische Republik $#Tschechien $#Tschechische Republik $#Tschechenland $#Tschechei Tschechien $#Česká Republika $#Czech Republic $#ČR $74303381-7 $8--Tg1--Tschechien $x01 $9086659812 
244Z/01 $2Trx $#Böhmen $#Bohemia $#Czechy $8--Trx--Čechy $x02 $9391188941 
244Z/01 $#Böhmen und Mähren Protektorat $#Reichsprotektorat Böhmen und Mähren $#Protektorát Čechy a Morava $74076390-0 $8--Tg1--Protektorat Böhmen und Mähren $x03 $9085216569 
244Z/01 $2Trx $#Zlin Region $8--Trx--Zlínsko $x04 $9391174266 
244Z/01 $2Trx $#vastupanu, antifašistlik $#antifašistinis pasipriešinimas $#resistance, anti-Fascist $#ellenállás, antifasiszta $#ruch oporu i opozycja antyhitlerowska $#odboj, protifašistický $#odboj, protifašistický $#Antifaschismus $#opozycja antyhitlerowska $#antifašizmus $8--Trx--Widerstand, antifaschistischer $x05 $9391377604 
244Z/01 $2Trx $#kollaboratsioon $#kolaboravimas $#collaboration $#kollaboráció $#kolaboracja $#kolaborácia $#kolaborace $8--Trx--Kollaboration $x06 $9391358146 
244Z/01 $2Trx $#maailmasõda, teine 1939-1945 $#Antrasis pasaulinis karas 1939-1945 $#World War, Second 1939-1945 $#világháború. második 1939-1945 $#wojna światowa, druga 1939-1945 $#vojna svetová II. 1939-1945 $#válka druhá světová 1939-1945 $#Zweiter Weltkrieg $8--Trx--Weltkrieg, Zweiter$g1939-1945 $x07 $939138239X 
244Z/01 $2Trx $8--Trx--Monographie $x08 $9391384546 
245Z/01 $a06.04.03 $x01 
247C/01 $82080>Marburg/Lahn, Herder-Institut, Forschungsbibliothek, Bibliographieportal $9336309341
LEADER 00000cam a2200000 c 4500
001 082554773
003 DE-603
005 20260318184103.0
007 tu
008 990916s1998 xx |||| | u00||u|cze c
020 |a 8090217966 
035 |a (DE-599)HEB082554773 
035 |a (OCoLC)41531739 
040 |a DE-603  |b ger  |c DE-603  |d DE-603 
041 |a cze 
082 0 4 |8 1\u  |a 900.943709043  |q DE-101  |2 23/BSB 
085 |8 1\u  |b 900 
085 |8 1\u  |z 1  |s 09043 
085 |8 1\u  |z 1  |s 09044 
085 |8 1\u  |z 1  |s 0904 
085 |8 1\u  |z 2  |s 437 
085 |8 1\u  |z 2  |s 4371 
100 1 |a Pospíšil, Jaroslav  |d 1941-  |0 (DE-603)266059244  |0 (DE-588)1012521117  |2 gnd 
245 0 0 |a Hyeny  |c Jaroslav Pospíšil 
250 |a 4. a dopl. vyd. 
264 1 |a [S.l.]œ  |b Naklad. Lípa Vizovice  |c 1998 
300 |a 463 S.  |b Ill. 
490 0 |a Otisky 
610 1 7 |a Deutsches Reich  |b Geheime Staatspolizei  |2 gnd  |0 (DE-588)2029665-4  |0 (DE-603)042822017 
651 7 |a Protektorat Böhmen und Mähren  |0 (DE-588)4076390-0  |0 (DE-603)085216569  |2 gnd 
924 0 |9 Mb 50  |a (DE-603)136088597  |b DE-Mb50  |c HES  |d c  |g 99.1929 
924 0 |9 2080  |a (DE-603)79169268X  |b DE-2080  |c HES  |d d  |g /